00418cam a2200157ua 450000100060000000800390000602000180004504000090006308200080007210000290008024500580010925000120016726000370017930000100021665300340022611937191120n ii |||gr||||Z||||||eng a9789386037770 cMAIN a154 a Joseph Murphy,eAuthor. aThe power of your subconscious mindcBy Joseph Murphy a1st ed. aKolkata:bIBD Publishing,c2016. a272p. aSubconscious & altered states